Disney Channel Characters - Statistics

General Stats
  • This quiz has been taken 90 times
  • The average score is 10 of 27
Answer Stats
Picture Answer % Correct
Cameron Boyce
92%
Debby Ryan
82%
Peyton List
76%
Ross Lynch
76%
Skai Jackson
71%
Bridgit Mendler
64%
Laura Marano
54%
Karan Brar
53%
Mia Talerico
47%
Bradley Steven Perry
46%
Jason Dolley
43%
Olivia Holt
39%
Raini Rodriguez
36%
Leigh-Allyn Baker
28%
Calum Worthy
22%
Eric Allan Kramer
19%
Kelli Burglund
19%
Spencer Boldman
18%
Billy Unger
17%
Leo Howard
17%
Jason Earles
15%
Hal Sparks
14%
Jake Short
14%
Paris Berelc
13%
Tyrel Jackson Williams
8%
Dylan Riley Snyder
4%
Mateo Arias
4%
No matching quizzes found
Score Distribution
Percent of People with Each Score
Percentile by Number Answered
Your Score History
You have not taken this quiz